000 00624cam a2200205 a 4500
001 000019925
005 20200929170207.0
008 750519s1968 sp 000 f spa d
040 _aDO-SdBNP
_bspa
_cLC
_dBNPHU
082 _a863.6
_bM379c, 1968
100 1 _aMartín Vigil, José Luis.
_d1919-
_94191
245 1 4 _aLos curas comunistas /
_cJosé Luis Martín Vigil.
250 _a13a ed.
260 _aBarcelona, (España) :
_bRichard Grandio,
_c1968.
300 _a430 p. ;
_c20 cm.
650 4 _aNovela española
_91123
650 4 _aLiteratura española
_9632
910 _aCatalogación derivada / LC
049 _aBNGR
999 _c19438
_d19438